| 000 | 00915cab a2200241 4500 | ||
|---|---|---|---|
| 001 | ABS38067 | ||
| 008 | 090401t1987 xxu||||| |||| 00| 0 eng d | ||
| 035 | _a(Sirsi) u8524 | ||
| 041 | _aeng | ||
| 100 | _aHunt, G. | ||
| 245 | _aRemote sensing and the whole world picture show | ||
| 260 | _c1987 | ||
| 350 | _a0 | ||
| 490 |
_aNew Scientist _v115(1547) 20 August 1987, 46-51(6) |
||
| 520 | _aTraces the development of remote sensing from the early 1960s to the present day and describes how this system of viewing the earth from space is being used in metereology, oceanography , geological mapping and exploration and agriculture . Predicts that remote sensing is likely to be increasingly used as part of a geographic information system . | ||
| 650 | _aGEOLOGY | ||
| 650 |
_aLand use _96251 |
||
| 650 | _aLIS | ||
| 690 | _aLAND SURVEYING | ||
| 700 | _aFifield, R. | ||
| 942 | _n0 | ||
| 948 | _c04/03/1997 | ||
| 999 |
_c5264 _d5264 |
||